Billie Eilish - Chansons commençant par M - Statistiques

Statistiques générales
  • Ce quiz a été pris 34 fois
  • Le résultat moyen est 3 sur 5
Statistiques - réponses
M % Correct
Male Fantasy
87%
my boy
78%
my future
78%
my strange addiction
65%
MyBoi (feat. TroyBoi)
0%
Aucun quiz correspondant
Distribution des résultats
% des personnes avec chaque résultat
Percentile par nombre de réponses
Votre historique - résultats
Vous n’avez pas pris ce quiz